00720 2200241 4500001002100000005001700021008004100038020002200079035002400101040001200125082001200137084001800149100001900167245008300186250001100269260004400280300002900324504003000353650004100383700002000424850001200444990002200456INLIS00000000002488620170118154913.0  a978-602-1219-00-3 0010-011700000000386 aYOPPDIY 223a110 aDEP 110 Ren M aRENO WIKANDARA aMetafisika serat wirid hidayat jatIc/ Reno wikandara; Editor, Taufik Aminudin aCet. 1 aYogyakartabFakultas Filsafat Ugmc2013 aviii, 214 hlm.c; 23 cm. aBibliografi: hlm. 209-214 aMetafisika -Serat Wirid Hidayat jati aTAUFIK Aminudin aYOPDYOG aCB.D-11/2013-2444